| 000 | 01467 a2200205 4500 | ||
|---|---|---|---|
| 001 | 29719 | ||
| 005 | 20260407155607.0 | ||
| 008 | 260407a1968 arg spa d | ||
| 003 | AR-UNSa-BCEJYS | ||
| 040 |
_aAR-UNSa-BCEJYS _bspa _cAR-UNSa-BCEJYS |
||
| 080 |
_a657.372.2 _xEvaluación (revaluo) |
||
| 245 | 1 | 0 | _aLa revaluación de los balances y los problemas económicos, fiscales y técnicos |
| 250 | _a2a. ed | ||
| 264 | 1 |
_aBuenos Aires : _bDepalma _c1968 |
|
| 300 |
_a293 p. _c23 cm. |
||
| 505 | _a1. El examen de las valuaciones patrimoniales y la contabilidad moderna - 2. Valuacion del patrimonio de una hacienda en pleno funcionamiento - 3. Los balances y la economía monetaria - 4. La revalorización de los balances por depreciación de la moneda - 5. Carácter y técnica de la revaluación - 6. El accionista y la revaluación de los balances - 7. La revaluación y el problema fiscal - 8. La revaluación en la legislación comparada - 9. La legislación argentina.Las leyes 15.272 y 17.335 - 10. Análisis teórico-práctico de los rubros activos revaluables según la ley 17335 - 11. Análisis teórico-práctico de los rubros del pasivo cuyo revalúo admite la ley 17.335 - 12. El destino del saldo de revalúo y otros aspectos de la ley 17.335 - 13. El problema impositivo según ls ley 17.335 - 14. El aspecto técnico-contable según la ley 17.335. | ||
| 942 | _cBK | ||
| 590 | _aniveau_biblio:m niveau_hierar:0 | ||
| 100 | 1 | _aRipa Alberdi, Vicente | |
| 999 |
_c1945 _d1945 |
||